[Event "Moscow op-C"]
[Site "Moscow"]
[Date "2011.02.04"]
[Round "7"]
[White "Shikin, Sergey"]
[Black "Kvasov, Sergey"]
[Result "0-1"]
[WhiteElo "1797"]
[BlackElo "1961"]
[PlyCount "102"]
[EventDate "2011.01.29"]
[EventType "swiss"]
[EventRounds "9"]
[EventCountry "RUS"]
[SourceTitle "EXT 2012"]
[Source "ChessBase"]
[SourceDate "2011.11.24"]
[SourceVersion "1"]
[SourceVersionDate "2011.11.24"]
[SourceQuality "1"]

1. e4 Nf6 2. Bc4 Nxe4 3. Bxf7+ Kxf7 4. Qh5+ g6 5. Qd5+ e6 6. Qxe4 d5 7. Qf4+ Kg8 8. Nf3 Bd6 9. Ne5 Qf8 10. d4 Qxf4 11. Bxf4 Nd7 12. Nd2 Nxe5 13. dxe5 Be7 14. Nf3 c5 15. 0-0-0 b5 16. Bg5 Bxg5+ 17. Nxg5 h6 18. Nh3 Kg7 19. f4 a5 20. Nf2 Rf8 21. g3 c4 22. Ng4 b4 23. Nf6 a4 24. Kd2 a3 25. b3 cxb3 26. cxb3 Ba6 27. Rc1 Rfc8 28. Ke3 d4+ 29. Kxd4 Rxc1 30. Rxc1 Rd8+ 31. Ke3 Rd3+ 32. Ke4 Rd2 33. Rc7+ Kf8 34. Nd7+ Ke8 35. Nc5 Bf1 36. Nxe6 Rxa2 37. Rc1 Bh3 38. Nc7+ Kd7 39. Na6 Rb2 40. Ra1 Kc6 41. Nxb4+ Kb5 42. Nd3 Bf5+ 43. Kd5 Bxd3 44. e6 Rxb3 45. Rc1 Bf5 46. e7 Bd7 47. Rc7 Be8 48. Ke5 Kb4 49. Rc8 a2 50. Rb8+ Ka3 51. Ra8+ Kb2 0-1

[Event "Moscow op-C"]
[Site "Moscow"]
[Date "2011.01.31"]
[Round "3"]
[White "Anfinogenov, Artem"]
[Black "Kvasov, Sergey"]
[Result "1-0"]
[WhiteElo "2068"]
[BlackElo "1961"]
[PlyCount "101"]
[EventDate "2011.01.29"]
[EventType "swiss"]
[EventRounds "9"]
[EventCountry "RUS"]
[SourceTitle "EXT 2012"]
[Source "ChessBase"]
[SourceDate "2011.11.24"]
[SourceVersion "1"]
[SourceVersionDate "2011.11.24"]
[SourceQuality "1"]

1. d4 f5 2. c4 e6 3. g3 Nf6 4. Bg2 d5 5. Nf3 c6 6. 0-0 Bd6 7. Nc3 0-0 8. Bf4 Bxf4 9. gxf4 Nbd7 10. Ne5 Ne4 11. Nxe4 fxe4 12. e3 Nxe5 13. fxe5 Qg5 14. Qe2 Bd7 15. f3 exf3 16. Rxf3 Rxf3 17. Qxf3 Rf8 18. Qg3 Qxg3 19. hxg3 dxc4 20. a4 Rc8 21. a5 Rc7 22. Rc1 b5 23. axb6 axb6 24. Rxc4 Rc8 25. b4 Kf8 26. Rc2 Ke7 27. Be4 h6 28. Kf2 Be8 29. b5 c5 30. dxc5 Bxb5 31. cxb6 Rxc2+ 32. Bxc2 Bc6 33. Bb3 Kd7 34. g4 g5 35. Bc4 Bb7 36. Ke2 Be4 37. Bb5+ Kd8 38. Bd3 Bc6 39. e4 Kc8 40. Ba6+ Bb7 41. Bc4 Bxe4 42. Ke3 Bg6 43. Kd4 h5 44. Bxe6+ Kb7 45. Kc5 hxg4 46. Bxg4 Be8 47. e6 Bg6 48. e7 Be8 49. Bf3+ Kc8 50. Bc6 Bf7 51. e8Q+ 1-0

[Event "Moscow op-B"]
[Site "Moscow"]
[Date "2009.11.20"]
[Round "1"]
[White "Kvasov, Sergey"]
[Black "Murzin, Lenar"]
[Result "0-1"]
[WhiteElo "1850"]
[BlackElo "2175"]
[PlyCount "110"]
[EventDate "2009.01.31"]
[EventType "swiss"]
[EventRounds "9"]
[EventCountry "RUS"]
[SourceTitle "EXT 2012"]
[Source "ChessBase"]
[SourceDate "2011.11.24"]
[SourceVersion "1"]
[SourceVersionDate "2011.11.24"]
[SourceQuality "1"]

1. e4 c5 2. Nc3 Nc6 3. g3 g6 4. Bg2 Bg7 5. d3 d6 6. Be3 Rb8 7. Qd2 b5 8. Nge2 Nd4 9. Nd1 Bg4 10. Bxd4 cxd4 11. c3 dxc3 12. Nexc3 Bd7 13. Ne3 e6 14. 0-0 Ne7 15. b4 Qb6 16. Rac1 0-0 17. Rc2 Rfc8 18. Rfc1 Nc6 19. Ne2 Nd4 20. Nxd4 Qxd4 21. Rc7 Rxc7 22. Rxc7 Rd8 23. h3 Qb6 24. Rc2 Rc8 25. Rxc8+ Bxc8 26. Kf1 Bd7 27. Ke2 Bd4 28. Kf1 h5 29. Nc2 Kg7 30. Nxd4 Qxd4 31. Ke2 e5 32. Bf3 Bxh3 33. Bxh5 Be6 34. Bf3 Qa1 35. Qc2 Bxa2 36. Bg4 d5 37. exd5 Bxd5 38. Qc5 Bb3 39. Ke3 a6 40. d4 Qe1+ 41. Be2 exd4+ 42. Qxd4+ f6 43. Qa7+ Bf7 44. Qc5 Qa1 45. Bd3 Qa3 46. Qd4 a5 47. bxa5 Qxa5 48. Qc5 Qe1+ 49. Be2 b4 50. Qc2 b3 51. Qd2 Qa1 52. Bd3 Qe5+ 53. Kf3 Bd5+ 54. Kg4 Qh5+ 55. Kf4 Qg5# 0-1

[Event "Peterhof op 08"]
[Site "Peterhof"]
[Date "2009.08.10"]
[Round "8"]
[White "Kulek, Yuri"]
[Black "Kvasov, Sergey"]
[Result "1/2-1/2"]
[WhiteElo "2178"]
[BlackElo "1899"]
[PlyCount "96"]
[EventDate "2009.08.03"]
[EventType "swiss"]
[EventRounds "9"]
[EventCountry "RUS"]
[SourceTitle "EXT 2010"]
[Source "ChessBase"]
[SourceDate "2010.11.25"]
[SourceVersion "1"]
[SourceVersionDate "2010.11.25"]
[SourceQuality "1"]

1. d4 f5 2. g3 e6 3. Bg2 d5 4. Nf3 Nf6 5. c4 c6 6. 0-0 Bd6 7. b3 0-0 8. Bb2 b6 9. Ne5 Bb7 10. Nd2 Nbd7 11. Rc1 Ne4 12. Nxe4 fxe4 13. e3 Nxe5 14. dxe5 Bc5 15. Qg4 Qe7 16. Bc3 a5 17. Bd4 Bxd4 18. exd4 a4 19. Qd1 axb3 20. axb3 Ra2 21. Ra1 Rfa8 22. Rxa2 Rxa2 23. f3 Qa3 24. fxe4 Qb2 25. Qf3 h6 26. exd5 cxd5 27. Rf2 Qxd4 28. Bh3 Qxf2+ 29. Qxf2 Rxf2 30. Kxf2 Kf7 31. Bg2 Ke7 32. Ke2 Ba6 33. Kd3 dxc4+ 34. bxc4 Kd7 35. Kd4 Kc7 36. Bf1 Bb7 37. Bd3 Bc6 38. c5 bxc5+ 39. Kxc5 Bd5 40. Bb5 Bg2 41. Bd3 Kd7 42. Kd4 Kc6 43. Bc4 Kd7 44. Bb5+ Bc6 45. Kc5 Bxb5 46. Kxb5 Kc7 47. Kc5 h5 48. Kb5 Kb7 1/2-1/2

[Event "Nezhmetdinov Memorial 31st"]
[Site "Kazan"]
[Date "2009.06.08"]
[Round "9"]
[White "Kvasov, Sergey"]
[Black "Arzamastsev, Artur"]
[Result "0-1"]
[WhiteElo "1887"]
[BlackElo "2186"]
[PlyCount "52"]
[EventDate "2009.05.31"]
[EventType "swiss"]
[EventRounds "9"]
[EventCountry "RUS"]
[SourceTitle "CBM 130 Extra"]
[Source "ChessBase"]
[SourceDate "2009.07.02"]
[SourceVersion "2"]
[SourceVersionDate "2009.07.15"]
[SourceQuality "1"]

1. e4 c6 2. Nc3 d5 3. Bd3 g6 4. Nf3 Bg7 5. 0-0 Nf6 6. Re1 Bg4 7. h3 Bxf3 8. Qxf3 0-0 9. Bf1 d4 10. Ne2 e5 11. d3 Qd6 12. Bd2 c5 13. g4 Nc6 14. a3 Ne8 15. Ng3 Nc7 16. h4 Ne6 17. Bh3 Qe7 18. g5 f6 19. Qg4 Rae8 20. f4 Nxf4 21. Bxf4 exf4 22. Qxf4 fxg5 23. Qxg5 Bf6 24. Qd5+ Kh8 25. h5 Be5 26. Ne2 Qh4 0-1

[Event "Nezhmetdinov Memorial 31st"]
[Site "Kazan"]
[Date "2009.06.03"]
[Round "4"]
[White "Tkachuk, Andrey"]
[Black "Kvasov, Sergey"]
[Result "1-0"]
[WhiteElo "2125"]
[BlackElo "1887"]
[PlyCount "93"]
[EventDate "2009.05.31"]
[EventType "swiss"]
[EventRounds "9"]
[EventCountry "RUS"]
[SourceTitle "CBM 130 Extra"]
[Source "ChessBase"]
[SourceDate "2009.07.02"]
[SourceVersion "2"]
[SourceVersionDate "2009.07.15"]
[SourceQuality "1"]

1. e4 Nf6 2. Nc3 d5 3. e5 Ne4 4. d4 Nxc3 5. bxc3 e6 6. Qg4 c5 7. Nf3 Qa5 8. Bd2 Qa4 9. Rc1 c4 10. Be2 Qxa2 11. 0-0 Qa5 12. h4 Nc6 13. h5 h6 14. Ra1 Qc7 15. Bc1 a6 16. Ba3 Na7 17. Bd6 Qd8 18. Rfb1 b6 19. g3 Bb7 20. Nh4 Nb5 21. Ng6 fxg6 22. Qxe6+ Be7 23. Bg4 Nxd6 24. Qxg6+ Kf8 25. exd6 Bxd6 26. Be6 Qf6 27. Rxb6 Qxg6 28. hxg6 Ke7 29. Re1 Bc7 30. Bxd5+ Kd8 31. Rxb7 Rb8 32. Rxb8+ Bxb8 33. Re6 a5 34. Ra6 Rf8 35. Rxa5 Rf5 36. Rb5 Bc7 37. Kg2 Rg5 38. Bxc4 Rxb5 39. Bxb5 Ba5 40. Kf3 Bxc3 41. Ke4 Ke7 42. g4 Kd6 43. f4 Bd2 44. c4 Ba5 45. c5+ Kc7 46. f5 Kc8 47. f6 1-0

[Event "Moscow op-B"]
[Site "Moscow"]
[Date "2009.02.08"]
[Round "9"]
[White "Kvasov, Sergey"]
[Black "Rigovich, Albert"]
[Result "0-1"]
[WhiteElo "1850"]
[BlackElo "2016"]
[PlyCount "58"]
[EventDate "2009.01.31"]
[EventType "swiss"]
[EventRounds "9"]
[EventCountry "RUS"]
[SourceTitle "EXT 2012"]
[Source "ChessBase"]
[SourceDate "2011.11.24"]
[SourceVersion "1"]
[SourceVersionDate "2011.11.24"]
[SourceQuality "1"]

1. e4 e5 2. Bc4 Nf6 3. Nf3 Nc6 4. d4 exd4 5. e5 d5 6. Bb5 Ne4 7. Nxd4 Bd7 8. Bxc6 bxc6 9. 0-0 Bc5 10. f3 Ng5 11. f4 Ne6 12. c3 0-0 13. f5 Ng5 14. Qh5 h6 15. h4 Ne4 16. Rf3 f6 17. e6 Be8 18. Qg4 Kh7 19. Nd2 Nxd2 20. Bxd2 Qe7 21. h5 Bb6 22. Be3 c5 23. Ne2 Rd8 24. Rd1 c6 25. Rg3 Rg8 26. Nf4 d4 27. Ng6 Bxg6 28. hxg6+ Kh8 29. cxd4 cxd4 0-1

[Event "Moscow op-B"]
[Site "Moscow"]
[Date "2009.02.07"]
[Round "8"]
[White "Dubonosov, Evgenij"]
[Black "Kvasov, Sergey"]
[Result "1-0"]
[WhiteElo "2082"]
[BlackElo "1850"]
[PlyCount "85"]
[EventDate "2009.01.31"]
[EventType "swiss"]
[EventRounds "9"]
[EventCountry "RUS"]
[SourceTitle "EXT 2012"]
[Source "ChessBase"]
[SourceDate "2011.11.24"]
[SourceVersion "1"]
[SourceVersionDate "2011.11.24"]
[SourceQuality "1"]

1. d4 f5 2. Qd3 d5 3. c4 e6 4. cxd5 exd5 5. Nc3 c6 6. Nf3 Bd6 7. g3 Nf6 8. Bf4 Bxf4 9. gxf4 Ne4 10. e3 b6 11. Qc2 a5 12. Ne5 Qf6 13. Nxd5 Qd8 14. Nc3 Nxc3 15. Qxc3 Qd6 16. a3 Bb7 17. Rg1 Qf6 18. Bc4 Rf8 19. 0-0-0 Nd7 20. Qb3 b5 21. Nxd7 Kxd7 22. Be2 Rac8 23. Kb1 Rc7 24. d5 Kc8 25. Bf3 Kb8 26. dxc6 Bxc6 27. Bxc6 Qxc6 28. Rc1 Qe4+ 29. Ka2 Rb7 30. Rc5 a4 31. Qd5 Qxd5+ 32. Rxd5 g6 33. Rc1 Ka7 34. b3 axb3+ 35. Kxb3 Rb6 36. Rcc5 Ka6 37. Kb4 Re6 38. Rc8 Re4+ 39. Rd4 Re6 40. Rcd8 Re7 41. R4d6+ Ka7 42. Ka5 Rc7 43. Kxb5 1-0

[Event "Moscow op-B"]
[Site "Moscow"]
[Date "2009.02.06"]
[Round "7"]
[White "Kvasov, Sergey"]
[Black "Galynin, Dmitri"]
[Result "1-0"]
[WhiteElo "1850"]
[BlackElo "2049"]
[PlyCount "37"]
[EventDate "2009.01.31"]
[EventType "swiss"]
[EventRounds "9"]
[EventCountry "RUS"]
[SourceTitle "EXT 2012"]
[Source "ChessBase"]
[SourceDate "2011.11.24"]
[SourceVersion "1"]
[SourceVersionDate "2011.11.24"]
[SourceQuality "1"]

1. e4 e6 2. Nc3 d5 3. Nf3 dxe4 4. Nxe4 Nf6 5. Nxf6+ Qxf6 6. d4 h6 7. Bd3 Nc6 8. c3 Bd6 9. 0-0 0-0 10. Nd2 Qd8 11. f4 Be7 12. Nc4 Rb8 13. Ne5 Nxe5 14. fxe5 c5 15. Qg4 f5 16. exf6 Rxf6 17. Rxf6 Bxf6 18. Bxh6 Kf8 19. Rf1 1-0

[Event "Moscow op-B"]
[Site "Moscow"]
[Date "2009.02.03"]
[Round "4"]
[White "Masich, Vladimir"]
[Black "Kvasov, Sergey"]
[Result "0-1"]
[WhiteElo "2053"]
[BlackElo "1850"]
[PlyCount "92"]
[EventDate "2009.01.31"]
[EventType "swiss"]
[EventRounds "9"]
[EventCountry "RUS"]
[SourceTitle "EXT 2012"]
[Source "ChessBase"]
[SourceDate "2011.11.24"]
[SourceVersion "1"]
[SourceVersionDate "2011.11.24"]
[SourceQuality "1"]

1. c4 f5 2. g3 e6 3. Bg2 Nf6 4. d3 Bb4+ 5. Nd2 0-0 6. a3 Bxd2+ 7. Bxd2 d6 8. Nf3 e5 9. 0-0 Nc6 10. Bc3 Qe8 11. b4 Nd8 12. Nd2 Ne6 13. e3 Rb8 14. Re1 b6 15. d4 e4 16. d5 Ng5 17. h4 Nf7 18. Bxf6 gxf6 19. Nb3 Ne5 20. Qe2 c5 21. b5 a5 22. Nd2 Qg6 23. Kh2 Kh8 24. Bh3 Rb7 25. Ra2 Rg8 26. Bg2 Re7 27. Kg1 Bd7 28. Nb1 Qg7 29. Nc3 Be8 30. Na4 Rb7 31. Rc1 Qh6 32. Kf1 Bh5 33. Qb2 Nd3 34. Qc3 Nxc1 35. Qxc1 Qg7 36. Bh3 Bg4 37. Bg2 Qe7 38. Qc3 Qe5 39. Qd2 Qe7 40. Qc3 Re8 41. Qb2 Qe5 42. Qd2 f4 43. exf4 Qd4 44. Qxd4 cxd4 45. Rd2 d3 46. Nc3 f5 0-1

[Event "Moscow op-B"]
[Site "Moscow"]
[Date "2009.02.01"]
[Round "3"]
[White "Kvasov, Sergey"]
[Black "Tarasenko, Vitalij"]
[Result "1-0"]
[WhiteElo "1850"]
[BlackElo "1400"]
[PlyCount "97"]
[EventDate "2009.01.31"]
[EventType "swiss"]
[EventRounds "9"]
[EventCountry "RUS"]
[SourceTitle "EXT 2012"]
[Source "ChessBase"]
[SourceDate "2011.11.24"]
[SourceVersion "1"]
[SourceVersionDate "2011.11.24"]
[SourceQuality "1"]

1. e4 e6 2. Nc3 d5 3. Nf3 dxe4 4. Nxe4 Nf6 5. Nxf6+ Qxf6 6. d4 Qd8 7. c3 c5 8. Bb5+ Bd7 9. Bxd7+ Qxd7 10. Be3 cxd4 11. Bxd4 Nc6 12. Be3 Qxd1+ 13. Rxd1 Be7 14. 0-0 Rd8 15. Nd4 a6 16. Nxc6 bxc6 17. Rxd8+ Kxd8 18. Rd1+ Kc8 19. Bb6 Bd8 20. Bxd8 Rxd8 21. Rxd8+ Kxd8 22. Kf1 Kd7 23. Ke2 Kd6 24. Kd3 Kc5 25. b3 f5 26. Ke3 g5 27. g3 Kd5 28. a4 c5 29. b4 cxb4 30. cxb4 Kc4 31. b5 axb5 32. axb5 Kxb5 33. Kd4 Kc6 34. Ke5 Kd7 35. g4 Ke7 36. gxf5 exf5 37. Kxf5 h6 38. Kg6 Ke6 39. Kxh6 Kf5 40. Kh5 Kf4 41. Kg6 Kg4 42. Kf6 Kh5 43. Kg7 Kg4 44. Kg6 Kh4 45. f3 g4 46. f4 Kh3 47. Kg5 g3 48. hxg3 Kxg3 49. f5 1-0

[Event "Moscow op-B 04th"]
[Site "Moscow"]
[Date "2008.02.07"]
[Round "6"]
[White "Lanin, Boris Aleksandrovic"]
[Black "Kvasov, Sergey"]
[Result "1-0"]
[WhiteElo "2154"]
[BlackElo "1736"]
[PlyCount "85"]
[EventDate "2008.02.02"]
[EventType "swiss"]
[EventRounds "9"]
[EventCountry "RUS"]
[SourceTitle "CBM 122 Extra"]
[Source "ChessBase"]
[SourceDate "2008.03.04"]
[SourceVersion "1"]
[SourceVersionDate "2008.03.04"]
[SourceQuality "1"]

1. d4 f5 2. c4 e6 3. Nc3 Bb4 4. Qc2 Nf6 5. a3 Bxc3+ 6. Qxc3 d6 7. g3 0-0 8. Bg2 Nbd7 9. Nh3 e5 10. dxe5 Nxe5 11. Nf4 Qe8 12. 0-0 Ng6 13. Nd5 Nxd5 14. cxd5 Qe7 15. e3 b6 16. Bd2 Bb7 17. Rfc1 Rac8 18. b4 Qe5 19. Qb3 Qe8 20. Ra2 Kh8 21. Rac2 Qd7 22. Bc3 Ne5 23. Bb2 Ba6 24. Rd2 Bb5 25. h3 Ba4 26. Qa2 Bb5 27. Bd4 Rfe8 28. f4 Nf7 29. Qb2 Nh6 30. Qc3 Ng8 31. Kh2 Rf8 32. Bf3 Nf6 33. Bxf6 Rxf6 34. e4 Rh6 35. e5 Kg8 36. e6 Qe7 37. Qc2 Rf6 38. a4 Be8 39. b5 g6 40. Rd4 Kh8 41. Rc4 c5 42. bxc6 Rc7 43. Qb3 1-0